[Event "Izmailov Memorial op 17th"]
[Site "Tomsk"]
[Date "2013.06.14"]
[Round "4"]
[White "Bocharov, Dmitry"]
[Black "Zakhartsov, Viacheslav V"]
[Result "1/2-1/2"]
[WhiteElo "2617"]
[BlackElo "2536"]
[Annotator "Zakhartsov,Vi"]
[PlyCount "110"]
[EventDate "2013.06.11"]
[EventType "swiss"]
[EventRounds "9"]
[EventCountry "RUS"]
[SourceTitle "CBM 155"]
[Source "ChessBase"]
[SourceDate "2013.07.16"]
[SourceVersion "1"]
[SourceVersionDate "2013.07.16"]
[SourceQuality "1"]

1. d4 Nf6 2. c4 g6 3. f3 d5 4. cxd5 Nxd5 5. e4 Nb6 6. Nc3 Bg7 7. Be3 O-O 8. Qd2
e5 9. d5 c6 10. h4 cxd5 11. exd5 N8d7 12. h5 Nf6 13. hxg6 fxg6 14. O-O-O Bd7
15. Kb1 Rc8 16. Ka1 e4 17. Bd4 Na4 18. Nge2 Qa5 19. Nxe4 Qxd2 {Till now we
have repeated the 3rd game of Anand-Gelfand W-Ch match 2012.} 20. Rxd2 (20.
Nxf6+ Rxf6 21. Rxd2 Rf5 22. Bxg7 Kxg7 23. d6 {(Anand-Gelfand, W-Ch 2012), and
now} Nb6 24. Nc3 Rd5 $1 {led to equality, as pointed out in Stohl's Survey 
(CBM 149):} 25. Rd3 (25. Rxd5 Nxd5 26. Bb5 Nxc3 27. Bxd7 Rd8) 25... Bf5 26.
Rxd5 Nxd5 27. Bd3 Nxc3 28. Bxf5 gxf5 29. bxc3 Rxc3 30. Rd1 Rc8) 20... Nxe4 21.
fxe4 Bxd4 $2 {Played almost without hesitation, whereas} (21... Rfe8 22. Bxg7
Kxg7 {simply regained the e-pawn:} 23. Rd4 Nc5 24. Nc3 (24. Rh4 g5) 24... Nxe4
25. Bb5 Bxb5 26. Nxe4 Rcd8 $11) 22. Rxd4 Rc2 23. e5 {The strong pair of
passers outweighs Black's activity.} Bb5 (23... Rxf1+ $2 24. Rxf1 Rxe2 25. e6
Be8 26. d6 {winning.}) 24. e6 Nb6 $2 (24... Rfc8 {would be a bit stronger,
although by means of} 25. a3 Nc5 26. Rdh4 {!} Bxe2 (26... h5 27. Ng3) 27. Bxe2
Rxe2 28. Rxh7 Nb3+ 29. Ka2 Nc1+ 30. Kb1 Rcc2 31. Rxb7 Nd3 32. d6 {White
retains good winning chances:} Rxb2+ 33. Rxb2 Rxb2+ 34. Ka1 Rb8 35. d7 Nc5 36.
Re1 Nxd7 37. exd7 Kf7 38. Rc1 Rd8 39. Rc7 a6 40. Ra7 g5 41. Kb2 Ke7 42. Kc3
Rxd7 43. Rxa6) 25. Kb1 (25. e7 $1 {was strong:} Rf2 (25... Rfc8 26. Kb1 Bxe2 {?
} 27. e8=Q+ Rxe8 28. Kxc2) 26. d6 Bd7 27. g4 Rfxe2 28. Bxe2 Rxe2 29. b3 Nc8 30.
Rc1 Nxe7 {(forced)} 31. dxe7 Bc6 32. Rd8+ Kf7 33. e8=Q+ Bxe8 34. Rc7+ Re7 35.
Rxe7+ Kxe7 36. Rb8 Bc6 37. g5 {with a winning endgame because Black cannot
manage to create an outside passer.}) 25... Rxf1+ 26. Rxf1 (26. Kxc2 $1 {
was stronger:} Rxh1 27. d6 Re1 28. d7 Nxd7 29. exd7 Bxd7 30. Kd2 Rxe2+ (30...
Rb1 31. Rxd7 Rxb2+ 32. Ke3 Rxa2 33. Rxb7) 31. Kxe2 Bc6 32. g4 {with a similar
ending.}) 26... Rxe2 27. Rc1 Re5 (27... Kg7 {would be more precise:} 28. b3 (
28. Rc7+ Kf6 29. Rxb7 Ba4 {!} 30. b3 Nxd5 {!} 31. bxa4 Nc3+ 32. Kc1 Nxa2+ {=})
28... Kf6 29. a4 Be8 30. a5 Nxd5 31. Rxd5 Bc6 32. Rd6 a6 {with good drawing
chances.}) 28. Rc5 Be8 29. b3 Kf8 30. a4 Ke7 31. a5 Nxd5 (31... Re1+ $5 32. Kb2
Nxd5 33. Rdxd5 Bc6 34. Rd2 Rxe6) 32. Rdxd5 Rxd5 33. Rxd5 Bc6 34. Rd2 Kxe6 35.
g3 (35. g4 h5 36. gxh5 gxh5 37. Rf2 Ke5) 35... Ke5 36. Kc2 Ke4 37. Rf2 Ke3 38.
Rf6 (38. Rf7 {would give good winning chances:} h5 39. Rg7 Be4+ 40. Kc3 a6 41.
b4 Kf2 42. Kd4 Bf3 43. Rxg6 Bg4 44. b5 axb5 45. Rb6 Kxg3 46. Rxb7 h4 47. a6 h3
48. a7 h2 49. a8=Q h1=Q 50. Qb8+ Kg2 51. Rxb5) 38... h5 39. Kc3 Be4 40. a6 g5 {
?} (40... bxa6 41. Rxa6 Kf2 42. Kd4 Bf3 43. Rxg6 Bg4 {led to a draw:} 44. b4
Kxg3 45. Rg7 h4 46. Rxa7 h3 {=}) 41. axb7 (41. Rh6 {should be winning:} bxa6
42. Rxh5 g4 43. Re5 Kf3 44. Kd4 Bc2 45. Re3+ Kf2 46. b4 $18) 41... Bxb7 42. Rf5
g4 $2 (42... Bf3 43. Rxg5 Kf2 44. b4 Bg4 45. Ra5 Kxg3 46. Rxa7 h4 47. b5 h3 48.
b6 Bf3 $11) 43. Rxh5 Kf2 44. Rh7 Bg2 45. Rxa7 Kxg3 46. Kd4 $2 {I had expected
this move, but this one is not the strongest.} (46. b4 {was winning:} Kf3 (
46... Bf1 47. Kd2 Kg2 48. Ke3 g3 49. Rg7) 47. Kd3 Bf1+ 48. Kd2 g3 49. Rf7+ Kg2
50. Ke3 $18) 46... Kf3 47. b4 Bf1 (47... g3 {was simpler:} 48. b5 Bh3 49. Rf7+
Ke2 50. b6 Bc8 $11) 48. Rf7+ (48. Ra3+ Kf4 49. Ra1 Bb5 50. Ra7 Kf3 51. Rf7+ Ke2
52. Rf5 Ba4 53. Ra5 Bc6 54. Rg5 Kf3 55. Rg6 (55. b5 Bxb5 56. Rxb5 g3 {=}) 55...
Bb5 56. Rf6+ Ke2 57. Rb6 Bd7 58. Rb7 Bc6 {, and White doesn't make any progress
}) 48... Ke2 49. b5 g3 50. b6 Bg2 51. Ra7 Bc6 52. b7 Bxb7 53. Rxb7 g2 54. Rg7
Kf2 55. Rxg2+ Kxg2 1/2-1/2

[Event "Nalchik FIDE GP (Women)"]
[Site "Nalchik"]
[Date "2011.10.14"]
[Round "5"]
[White "Zhao, Xue"]
[Black "Lagno, Kateryna"]
[Result "1-0"]
[WhiteElo "2497"]
[BlackElo "2554"]
[Annotator "Zhao,Xue"]
[PlyCount "79"]
[EventDate "2011.10.09"]
[EventType "tourn"]
[EventRounds "11"]
[EventCountry "RUS"]
[EventCategory "11"]
[SourceTitle "CBM 145"]
[Source "ChessBase"]
[SourceDate "2011.11.11"]
[SourceVersion "1"]
[SourceVersionDate "2011.11.11"]
[SourceQuality "1"]

{This is the first individual victory (national and international) I had since
Bad Homburg, Germany. God knows how happy I was. Really can't imagine how I
made it through these 4 years and 3 months time. I am really thankful for
those coaches and friends who have always been there supporting me. Hopefully
this Grand Prix is a brand new start to my chess career and I will still keep
fighting! Now let me introduce two of my games played this time.} 1. d4 Nf6 2.
c4 g6 3. f3 {This was the second time I had chosen this f3-system against the
Grünfeld in this tournament.} d5 4. cxd5 c6 $5 {This really surprised me.} 5.
dxc6 {I did not spend too much time here, because I don't like 5.e4.} Nxc6 6.
e3 e5 7. dxe5 Qa5+ 8. Nc3 Qxe5 {Kate played so quickly untill now, I believe
she had done her homework well.} 9. Bb5 {I just tried to find the most
reasonable move.} Bc5 10. Nge2 O-O {Kate wanted to fight!} (10... Bxe3 11. Bxe3
Qxe3 12. Qd6 {White has the pawn back, but still has the initiative.}) 11. Bxc6
bxc6 12. e4 {Ready to play Bf4, Qc1, Be3 or something.} Bb6 13. Na4 Rd8 14. Qc2
Qa5+ 15. Nec3 Nd5 $6 {A very brave and positive decision. I could feel that
Kate had been trying to play actively and gain the initiative.} (15... Ba6 {
This would bring Black more chances.} 16. Nxb6 axb6 17. Be3 Bd3 (17... Rd3 18.
Bd2 Nd7 (18... Rad8 19. O-O-O $14) 19. O-O Qc5+ 20. Kh1 Ne5 21. Bf4 {White got
an extra pawn advantage.}) 18. Qf2 Nd7 19. Rd1 Bc4 (19... Nc5 20. Qh4 $14 Na4 (
20... Qb4 21. Rd2 Ne6 22. Kf2) (20... Ne6 21. Kf2 b5 22. a3 b4 23. axb4 Qxb4
24. Rd2 Bc4 25. Rhd1 Rxd2+ 26. Rxd2 $16) 21. Qf6 Nxc3 22. bxc3 Qxa2 23. Rd2 Qe6
{Otherwise White prepares to play Bh6 and checkmate.} 24. Qxe6 fxe6 25. Bxb6
Rdb8 26. Rxd3 Rxb6 27. Kf2 Ra2+ 28. Kg3 Rbb2 29. Rg1 Kg7 $14 {Afterwards Black
has some counter-play but White still has the better prospects with the extra
pawn.}) 20. Qh4 b5 21. a3 b4 22. axb4 Qxb4 23. Rd2 f6 24. Kf2 $14) ({After} 
15... Bd4 {also White will get more initiative.} 16. Bd2 Qe5 17. O-O-O Ba6 (
17... c5 18. Kb1 Bd7 19. Be1 $14) 18. Kb1 Rd7 19. Be1 $14) 16. exd5 {This is
the only move as White cannot stand the threat of ...Nb4 and ...Nd3.} Bf5 17.
Qd2 {This was my first thought.} ({I missed the better alternative} 17. Qb3 $1
{which may have brought White some real advantage} Re8+ 18. Kd1 Bf2 (18... Bd4
19. Qc4 Bg7 (19... Be5 20. Bd2 cxd5 21. Nxd5 Qd8 22. Re1 Rc8 23. Nc5 Qd6 24.
Ne4 Bxe4 25. Qxe4 Rc5 26. Nc3 $16 Rd8 27. Re2 Bf4 28. Kc2 Bxd2 29. Rd1 f5 30.
Qe6+ Qxe6 31. Rxe6 Kf7 32. Ra6 Bxc3 33. Rxa7+ Kf6 34. bxc3 Rxd1 35. Kxd1 Rxc3
36. Kd2) 20. Re1 cxd5 21. Rxe8+ Rxe8 22. Qb5 Qd8 23. Nc5 a6 24. Nxa6 Bd7 25.
Qb4) 19. Ne4 Bxe4 20. fxe4 Rxe4 21. Nc3 Rd4+ (21... Rb4 22. Qc2 Rd4+ 23. Ke2
Qc5 24. Kf1 $16) 22. Kc2 Rb4 23. Qa3 Qc5 24. Rd1 $16 {All these variations are
not enough to make up for the lost piece.}) 17... Re8+ 18. Kd1 Be3 19. Qxe3
Rxe3 20. Bxe3 cxd5 21. Ke2 {When I played 17.Qd2 I thought White has a big
advantage in this position. So the previous defence did not take much of my
time.} Bc2 {At first I did not notice ...Bc2, after I found it I knew my
estimation was too optimistic.} 22. b3 d4 $6 ({During the game I worried about
} 22... Rc8 {after} 23. Bd4 Qb4 24. Rhd1 Bxd1+ 25. Rxd1 Qd6 26. h3 {White is
forced to go to a 3 minor pieces and rook against queen and rook position.
During the game I thought White should be able to hold the position, but not
more.} Rd8 27. Kf2 Qe7 28. Nc5 $14 {Houdini thinks White is slightly better:)})
23. Bxd4 Qg5 24. Kf1 {Here I spent a lot of time as I do not like to play
passively.} ({Houdini thinks 24. g3! would be better, but I did not want to
weaken my king's territory when the light-squared bishop is still there. Even
that position might have been better.} 24. g3 $1 Re8+ (24... Rd8 25. Be3 $1 Re8
26. f4 Qe7 27. Nd5 Bd3+ 28. Kf2 Qe6 29. Nac3 $16) 25. Kf1 Qd2 26. Bf2 Re3 27.
Kg2 Rxc3 28. Nxc3 Qxc3 29. Rhe1 $16) 24... Qd2 25. Bf2 Rc8 26. Re1 Rxc3 27.
Nxc3 Qxc3 {At first I did not realise what an advantage White has until here.}
28. h4 $1 {Ready for h5-h6, Rh3. After this move it was clear to me that White
has gained an obvious initiative.} h5 (28... Bb1 {might hold longer} 29. h5
Bxa2 30. Rh4 Qc6 31. Rc4 Qb5 32. Kg1 Bxb3 33. Rc8+ Kg7 34. Bd4+ Kh6 35. hxg6 {
and so on, in this different coloured bishop position the safer king side
would have the initiative and plus I have the advantage with double rooks
against queen.}) 29. Kg1 Qd2 30. Bg3 (30. Re8+ {maybe better} Kg7 31. Be1 Qd7
32. Re3 Bb1 33. a3 Ba2 34. b4 f6 35. Kh2 Bf7 36. Bg3 g5 37. Rc1 gxh4 38. Bxh4 {
White still has a decisive advantage.}) 30... Bd1 {If I remember correctly
Kate was under both time and positional pressure.} 31. Rh3 Be2 32. Bf2 Qxa2 33.
Rg3 Qd2 (33... Bb5 $1 {This is a better choice, and would make more trouble
for the opponent:} 34. Rg5 Qxb3 35. Bxa7 Bd7 36. Rge5 Qb2 37. R5e2 Qf6 38. Bf2
Qd6 39. Re5 {but I believe after this White still has good chances to go
through because of Black's unsafe king.}) 34. Rg5 a6 35. Rc5 Qb2 $2 {A bad
move made under time pressure, but in this position it is too difficult to
find a better solution.} (35... Kg7 {will be better} 36. Rc7 {I believe it
will be easy for White to gain an advantage.}) 36. Rd5 $1 $18 {Ready to play
Bd4.} f6 37. Rd7 g5 38. hxg5 fxg5 39. Be3 Bb5 40. Bc1 1-0